Простая автоматика: рассказы об автоматике и автоматах-самоделках

Бібліографічні деталі
Автор: Черненко Г. Т. Геннадий Трофимович
Інші автори: Фефелова Н. Г. (редактор), Андреев Н. (иллюстратор), Козлов Б. И. (научный консультант)
Мова:Російська
Опубліковано: Ленинград, Детская литература, 1989
Предмети:
Формат: Книга
KOHA link:https://koha.lib.tpu.ru/cgi-bin/koha/opac-detail.pl?biblionumber=235258

MARC

LEADER 00000nam0a2200000 4500
001 235258
005 20231101231403.0
010 |a 5080001879 
035 |a (RuTPU)RU\TPU\book\256389 
090 |a 235258 
100 |a 20130406d1989 d y0rusy50 ca 
101 0 |a rus 
102 |a RU 
105 |a a z 000zy 
200 1 |a Простая автоматика   |e рассказы об автоматике и автоматах-самоделках  |f Г. Т. Черненко  |g под ред. Н. Г. Фефелова ; худож. Н. Андреев ; науч. конс. Б. И. Козлов 
210 |a Ленинград  |c Детская литература  |d 1989 
215 |a 128 с.  |c ил. 
606 1 |a Научно-популярная литература  |2 stltpush  |3 (RuTPU)RU\TPU\subj\80485  |9 88146 
610 1 |a научно-популярная литература 
610 1 |a автоматика 
610 1 |a автоматы 
610 1 |a модели 
610 1 |a пневмоника 
610 1 |a реле автоматики 
610 1 |a роботы 
675 |a 087:6  |v 3 
700 1 |a Черненко  |b Г. Т.  |g Геннадий Трофимович  |4 070 
702 1 |a Фефелова  |b Н. Г.  |4 340 
702 1 |a Андреев  |b Н.  |4 440 
702 1 |a Козлов  |b Б. И.  |4 695 
801 1 |a RU  |b 63413507  |c 20130406 
801 2 |a RU  |b 63413507  |c 20220112  |g RCR 
942 |c BK